00573nam a22001697a 450000500170000001000130001702000260003003500110005603700130006708200100008010000310009024500740012124600480019526000520024327000870029530000210038220190530162647.0 aUR-10167 c150.00a9789387829893 aU-8722 bDBAD/PUB a910.4 aا نو ر آ فا قی  aد ير ينہ خو ا ب کی تعبيرcا نو ر آ فا قی  bDerina Khab ki Tabir (Urdu)aby Anwar Afaqi a DelhibEducational Publishing Housec2018 ء  a3191،Vakil Street,Kucha Pandit,Lal Kuan,bDelhie110006k23216162l00911123211540 a96صc22 Cm(B.b)